00720nam a2200241 a 4500001001300000003000900013005001700022008004100039020000900080082002000089100002500109245005200134260003100186300001000217500003500227505001300262650003000275700002500305902000800330942000700338952011800345999001500463nice12345678IN_TiNIC20260116011826.0050524s1382 teha grp 000 0 per  ac5000a297.122555bQUM aQumsheh, Mahdi Ilahi aQuran Majid With Khulasat-Ul-Tafasir in Persian aTehranbNo Publisherc1382 a485p. aincludes index and biblioraphy2 aAppendex aQuran-Translation-Persian1 aQumsheh, Mahdi Ilahi bSRS cBK 001040708StackRoom-aHMIbHMId2007-07-31g50.00l0o297.122555 QUMp08137r2007-07-31v50.00w2005-05-24yBK c4236d4236